000 00265nam a2200109Ia 4500
008 220204s9999 xx 000 0 und d
082 _bSAB
100 _aSabor, Josefa E
245 0 _aMethods of teaching librarianship
260 _aParis
_bUnesco
_c1969
942 _cBK
999 _c23258
_d23258